LEADER 01384nam a2200301 u 4500 001 000000091406 003 CaOOAMICUS 005 20070226124828.0 008 060320s1999 gw u000 u ger u 020 $a3110166216 035 $a11081951 040 $aPUL(R)$bita 100 1 $aOtto, Eckart.$0(OLS)http://pul/name/55107 245 14$aDas Deuteronomium :$bpolitische Theologie und Rechtsreform in Juda und Assyrien /$cEckart Otto. 260 $aBerlin ;$aNew York :$bW.. de Gruyter,$c1999. 300 $a432 p. ;$c24 cm 490 1 $aBeihefte zur Zeitschrift für die alttestamentliche Wissenschaft ;$vBd. 284 500 $aInclude indice. 504 $aBibliografia p. [379]-423. 630 04$aBiblia.$pV.T.$pDeuteronomium.$0(OLS)http://pul/subject/5233 830 0$aBeihefte zur Zeitschrift für die alttestamentliche Wissenschaft ;$vBd. 284.$0(OLS)http://pul/title/1954 850 $aPUL 852 $aPUL$W1$xDP1 Fondo Gelio$y54$m5 A 8$j115147$nBK-PRI$b $qFondi$B115147$CPULBib$Z2$F115147 $HPUL0079 $81 941 1 $a1 961 $aINV: Testo fotocopiato e rilegato. 996 $6020$a3110166216$9(OLS)http://pul/number/119863 996 $6245$aDas Deuteronomium :$bpolitische Theologie und Rechtsreform in Juda und Assyrien$9(OLS)http://pul/title/117985 996 $6260$aBerlin ;$aNew York :$bW.. de Gruyter$9(OLS)http://pul/publisher/78798 LEADER 01717nam a2200397 a 4500 001 000000147368 003 CaOOAMICUS 005 20151113152032.0 008 151113s2015 vc u000 u ita r 020 $a978-88-209-9515-7* 032 $aLibriCat 040 $aPUL$bita 041 1 $aita$aeng$afre$aspa 082 04$a261.8 245 00$aFamiglia e povertą. 260 $aCittą del Vaticano :$bLibreria editrice vaticana,$c©2015. 300 $a666 p. ;$c19 cm. 490 1 $aFamiglia e vita ;$v06 500 $aInclude indici. 500 $aIn testa al front.: Pontificium Consilium pro Familia. Caritas Internationalis. 546 $aTesto anche in inglese, francese e spagnolo. 650 4$aChiesa e societą$ySec. XXI.$0(OLS)http://pul/subject/42644 650 4$aPovertą$xStudi.$0(OLS)http://pul/subject/9432 650 4$aFamiglia$xAspetti socio-culturali$ySec. XX-XXI.$0(OLS)http://pul/subject/38756 710 2 $aPontificio Consiglio per la famiglia.$0(OLS)http://pul/name/21287 710 2 $aCaritas Internationalis.$0(OLS)http://pul/name/94215 830 0$aFamiglia e vita ;$v06.$0(OLS)http://pul/title/178132 850 $aPUL 852 $aPUL$W1$xSL Religione 3$y85$m261. 8 PCPFA 2$j170323$qDDC 21$B171102$CPULBib$Z2$F171102 $H126415 $81 910 $aPontificium Consilium pro familia$921287 941 1 $a9 996 $6020$a978-88-209-9515-7*$9(OLS)http://pul/number/158942 996 $6082$a261.8$9(OLS)http://pul/classification/367 996 $6245$aFamiglia e povertą$9(OLS)http://pul/title/186021 996 $6260$aCittą del Vaticano :$bLibreria editrice vaticana$9(OLS)http://pul/publisher/47920